000 00888nam a2200169 i 4500
001 151683
003 ES-MaACL
005 20230906204330.0
008 931025s1870 sp |||| | spa d
100 0 _aBarrera, Pedro María.
_925922
245 1 0 _aPor un bautizo
_b: comedia en un acto y en verso arreglada a la escena española /
_cpor Pedro María Barrera.
260 _aMadrid :
_b[El Teatro y Administración Lírico-Dramática],
_c1870 (
_fImp. de José Rodriguez)
300 _a37 p. ;
_c20 cm.
594 _aEn port.: Estrenada... en el Teatro Español, el día 8 de marzo de 1870.
596 1 _aEditor tomado de la cub.
852 _aES-MaACL
_jF-8593(3)
_z-- Enc. pasta española, falto de la enc. original
_z-- Dedicatoria ms. del autor al poeta y periodista Eduardo de L [...]?
_z-- Enc. en un vol. facticio formando parte de la col. facticia "Teatro español moderno", vol. 46
999 _c151683
_d151683